00328nam a2200133Ia 4500008004100000020001500041041001200056082001100068100001200079245004800091260003900139300000800178650000800186221030s9999 xx 000 0 und d a8131713830 aEnglish a105.23 aB. Edde 0aRadar - Principles,Technology, Applications bPearson EdcuationaNew Delhic2007 a731 aECE